[Event "Verbandsliga Nordbaden 1920"]
[Site "Baden"]
[Date "2020.03.08"]
[Round "7.8"]
[White "Depner, Vadim"]
[Black "Schnepel, Thomas"]
[Result "1/2-1/2"]
[WhiteElo "1457"]
[BlackElo "1848"]
[PlyCount "78"]
[EventDate "2019.09.29"]
[EventType "team-tourn"]
[EventRounds "9"]
[EventCountry "GER"]
[SourceTitle "EXT 2021"]
[Source "ChessBase"]
[SourceDate "2020.10.23"]
[SourceVersion "1"]
[SourceVersionDate "2020.10.23"]
[SourceQuality "1"]
[WhiteTeam "Ladenburg"]
[BlackTeam "Pforzheim"]
[WhiteTeamCountry "GER"]
[BlackTeamCountry "GER"]

1. e4 c5 2. Nc3 Nc6 3. f4 e6 4. Nf3 d5 5. exd5 exd5 6. Bb5 a6 7. Bxc6+ bxc6 8. 0-0 Bd6 9. d4 Ne7 10. Kh1 0-0 11. dxc5 Bxc5 12. b3 Bg4 13. h3 Be6 14. Ng5 Nf5 15. Qd3 h6 16. Nxe6 fxe6 17. g4 Nh4 18. Ne2 e5 19. Bb2 e4 20. Qc3 Qe7 21. Nd4 e3 22. Ne6 Bb4 23. Qxe3 Rfe8 24. f5 c5 25. Rad1 Qd6 26. Qf2 Rxe6 27. fxe6 Qxe6 28. Qxh4 Qe4+ 29. Kg1 c4 30. Rd4 Bc5 31. Kh2 Bxd4 32. Bxd4 Qxd4 33. Qf2 Qe5+ 34. Kg1 Re8 35. bxc4 dxc4 36. Qf7+ Kh8 37. Qf4 Qc5+ 38. Kh1 Qd5+ 39. Qf3 Qe6 1/2-1/2